Countries With Most Kidnappings - Statistics

General Stats
  • This quiz has been taken 51 times
  • The average score is 14 of 20
Answer Stats
Rank Country % Correct
2 India
90%
1 Mexico
90%
4 Pakistan
88%
16 Brazil
85%
8 Afghanistan
83%
10 Iraq
80%
9 Colombia
78%
3 Nigeria
78%
5 Venezuela
75%
15 Egypt
73%
12 Guatemala
73%
11 Syria
73%
20 South Africa
68%
13 Yemen
65%
7 Philippines
58%
14 Libya
53%
6 Lebanon
45%
17 Kenya
43%
19 Malaysia
40%
18 Nepal
33%
No matching quizzes found
Score Distribution
Percent of People with Each Score
Percentile by Number Answered
Your Score History
You have not taken this quiz